[Event "DEN-ch"]
[Site "Aarhus"]
[Date "1981.??.??"]
[Round "5"]
[White "Jacobsen, Bo"]
[Black "Brinck Claussen, Bjorn"]
[Result "1-0"]
[WhiteElo "2335"]
[BlackElo "2375"]
[PlyCount "77"]
[EventDate "1981.??.??"]
[EventType "tourn"]
[EventRounds "11"]
[EventCountry "DEN"]
[EventCategory "3"]
[Source "ChessBase"]
[SourceDate "1999.07.01"]

1. c4 e5 2. Nc3 Nf6 3. g3 d5 4. cxd5 Nxd5 5. Bg2 Nb6 6. d3 Be7 7. Be3 O-O 8.
Rc1 Nc6 9. a3 Be6 10. Nf3 f5 11. O-O Bf6 12. Nd2 f4 13. Bc5 Rf7 14. b4 Qd7 15.
b5 Nd8 16. Nde4 Nd5 17. Bb4 b6 18. d4 Rc8 19. Nxf6+ gxf6 20. Nxd5 Bxd5 21. Bxd5
Qxd5 22. dxe5 Qxe5 23. e3 fxg3 24. hxg3 Ne6 25. Rc6 Rg7 26. Bc3 Qf5 27. Qb3 Re8
28. e4 Qh3 29. Bxf6 Rf7 30. e5 Nd4 31. Qe3 Qg4 32. Rfc1 Ne2+ 33. Kg2 Nxc1 34.
Qxc1 Qe4+ 35. Kg1 Qf5 36. Rxc7 Rd8 37. Rc4 Re8 38. Rf4 Qd3 39. Rg4+ 1-0

[Event "DEN-ch"]
[Site "Aarhus"]
[Date "1981.??.??"]
[Round "9"]
[White "Jacobsen, Bo"]
[Black "Hansen, Curt"]
[Result "1-0"]
[WhiteElo "2335"]
[BlackElo "2330"]
[PlyCount "79"]
[EventDate "1981.??.??"]
[EventType "tourn"]
[EventRounds "11"]
[EventCountry "DEN"]
[EventCategory "3"]
[Source "ChessBase"]
[SourceDate "1999.07.01"]

1. g3 Nf6 2. Bg2 d5 3. d3 c5 4. c3 Nc6 5. Nf3 e6 6. a4 Be7 7. O-O O-O 8. Re1 h6
9. Qc2 e5 10. e4 d4 11. Na3 Be6 12. Bd2 Nd7 13. Qb1 f5 14. exf5 Bxf5 15. Nc4 e4
16. dxe4 Bg4 17. Qd1 Qe8 18. Bf4 Qf7 19. Ncd2 g5 20. Nxg5 Bxg5 21. Qxg4 Nde5
22. Qf5 Qe7 23. Bxg5 hxg5 24. Qh3 Kg7 25. f4 gxf4 26. gxf4 Rxf4 27. Rf1 Rh4 28.
Qf5 Rah8 29. Nf3 R4h5 30. Qf4 R8h6 31. h4 Nxf3+ 32. Rxf3 Rxh4 33. Rg3+ Kh8 34.
Qf5 R4h5 35. Qg4 Qf7 36. Rf1 Rh1+ 37. Bxh1 Rxh1+ 38. Kxh1 Qxf1+ 39. Kh2 Qf2+
40. Rg2 1-0

[Event "DEN-ch"]
[Site "Aarhus"]
[Date "1981.??.??"]
[Round "4"]
[White "Knudsen, Per"]
[Black "Mortensen, Erling"]
[Result "0-1"]
[WhiteElo "2355"]
[BlackElo "2375"]
[PlyCount "48"]
[EventDate "1981.??.??"]
[EventType "tourn"]
[EventRounds "11"]
[EventCountry "DEN"]
[EventCategory "3"]
[Source "ChessBase"]
[SourceDate "1999.07.01"]

1. Nf3 Nf6 2. c4 d6 3. d4 Nbd7 4. Nc3 e5 5. g3 c6 6. Bg2 Be7 7. O-O O-O 8. e4
a6 9. Qc2 b5 10. Rd1 Qc7 11. b3 Re8 12. Bb2 bxc4 13. bxc4 Rb8 14. Rab1 exd4 15.
Rxd4 Ne5 16. Nxe5 dxe5 17. Rdd1 Be6 18. Bf1 Qa5 19. Ba1 Bb4 20. Rb3 Rbd8 21.
Rdb1 Bc5 22. Bd3 Ng4 23. Nd1 Qe1+ 24. Kg2 Bxf2 0-1

[Event "DEN-ch"]
[Site "Aarhus"]
[Date "1981.??.??"]
[Round "2"]
[White "Knudsen, Per"]
[Black "Reinert, Mads"]
[Result "1/2-1/2"]
[WhiteElo "2355"]
[BlackElo "2200"]
[PlyCount "81"]
[EventDate "1981.??.??"]
[EventType "tourn"]
[EventRounds "11"]
[EventCountry "DEN"]
[EventCategory "3"]
[Source "ChessBase"]
[SourceDate "1999.07.01"]

1. Nf3 g6 2. c4 Bg7 3. d4 Nf6 4. Nc3 d5 5. Bf4 O-O 6. Rc1 c6 7. cxd5 Nxd5 8.
Bg3 Nxc3 9. bxc3 Qa5 10. Qd2 Be6 11. e3 Nd7 12. c4 Qxd2+ 13. Nxd2 Rfc8 14. Be2
b5 15. O-O a6 16. Nb3 Nb6 17. Na5 Kf8 18. Rfd1 Ke8 19. a3 Nxc4 20. Nxc4 Bxc4
21. Bxc4 bxc4 22. Rxc4 Bf8 23. a4 a5 24. Rdc1 Kd7 25. Rb1 Ra7 26. Bb8 Ra8 27.
Rb7+ Ke8 28. Ba7 e6 29. e4 Bd6 30. e5 Rc7 31. Rxc7 Bxc7 32. Bc5 Rb8 33. g4 Rb1+
34. Kg2 Bb6 35. Bxb6 Rxb6 36. Rc5 Rb4 37. Rxa5 Rxd4 38. Kf3 Kf8 39. Ra8+ Kg7
40. a5 Rd5 41. Ke4 1/2-1/2

[Event "DEN-ch"]
[Site "Aarhus"]
[Date "1981.??.??"]
[Round "8"]
[White "Knudsen, Per"]
[Black "Brinck Claussen, Bjorn"]
[Result "1/2-1/2"]
[WhiteElo "2355"]
[BlackElo "2375"]
[PlyCount "56"]
[EventDate "1981.??.??"]
[EventType "tourn"]
[EventRounds "11"]
[EventCountry "DEN"]
[EventCategory "3"]
[Source "ChessBase"]
[SourceDate "1999.07.01"]

1. Nf3 Nf6 2. d4 g6 3. c4 Bg7 4. Nc3 d5 5. Bf4 O-O 6. Rc1 c5 7. dxc5 Be6 8. Nd4
Nc6 9. Nxe6 fxe6 10. e3 Qa5 11. Be2 Ne4 12. O-O Bxc3 13. bxc3 Nxc3 14. Qd2
Nxe2+ 15. Qxe2 Qxc5 16. cxd5 Qxd5 17. Rfd1 Qf5 18. Rd7 Rac8 19. Rxb7 g5 20. Rc7
gxf4 21. R1xc6 Rxc7 22. Rxc7 f3 23. gxf3 Rf6 24. Qd1 Rg6+ 25. Kh1 Qg5 26. Qf1
Qh5 27. Qd1 Qg5 28. Qf1 Qh5 1/2-1/2

[Event "DEN-ch"]
[Site "Aarhus"]
[Date "1981.??.??"]
[Round "6"]
[White "Knudsen, Per"]
[Black "Fries Nielsen, Niels Jorgen"]
[Result "0-1"]
[WhiteElo "2355"]
[BlackElo "2325"]
[PlyCount "52"]
[EventDate "1981.??.??"]
[EventType "tourn"]
[EventRounds "11"]
[EventCountry "DEN"]
[EventCategory "3"]
[Source "ChessBase"]
[SourceDate "1999.07.01"]

1. Nf3 c5 2. c4 Nc6 3. Nc3 g6 4. d4 cxd4 5. Nxd4 Bg7 6. Nc2 d6 7. Qd2 Rb8 8. g3
Qa5 9. Rb1 Bxc3 10. Qxc3 Qxc3+ 11. bxc3 Bf5 12. Kd1 Nf6 13. f3 Ne5 14. Rb4 a5
15. Rb5 b6 16. Na3 Be6 17. Be3 Nfd7 18. Bd4 O-O 19. f4 Nxc4 20. Nxc4 Bxc4 21.
Rb2 e5 22. fxe5 dxe5 23. Be3 Bd5 24. Rg1 Nc5 25. Bg2 Na4 26. Rc2 Bxa2 0-1

[Event "DEN-ch"]
[Site "Aarhus"]
[Date "1981.??.??"]
[Round "11"]
[White "Knudsen, Per"]
[Black "Fries Nielsen, Jens Ove"]
[Result "0-1"]
[WhiteElo "2355"]
[BlackElo "2320"]
[PlyCount "52"]
[EventDate "1981.??.??"]
[EventType "tourn"]
[EventRounds "11"]
[EventCountry "DEN"]
[EventCategory "3"]
[Source "ChessBase"]
[SourceDate "1999.07.01"]

1. a3 g6 2. g3 Bg7 3. Bg2 d5 4. d3 e5 5. Nf3 Ne7 6. O-O O-O 7. c4 c6 8. Nbd2 a5
9. Qc2 a4 10. Rb1 h6 11. e4 Be6 12. b3 axb3 13. Rxb3 Ra7 14. Re1 Nd7 15. exd5
cxd5 16. Rb5 Qc7 17. Bb2 Rc8 18. Qb1 d4 19. Nb3 Nf5 20. Bc1 Nd6 21. Rb4 b6 22.
Re2 b5 23. Nbd2 bxc4 24. Nxc4 Nxc4 25. dxc4 Bf5 26. Qa2 Bd3 0-1

[Event "DEN-ch"]
[Site "Aarhus"]
[Date "1981.??.??"]
[Round "6"]
[White "Kristensen, Leif Sogaard"]
[Black "Brinck Claussen, Bjorn"]
[Result "0-1"]
[WhiteElo "2235"]
[BlackElo "2375"]
[PlyCount "80"]
[EventDate "1981.??.??"]
[EventType "tourn"]
[EventRounds "11"]
[EventCountry "DEN"]
[EventCategory "3"]
[Source "ChessBase"]
[SourceDate "1999.07.01"]

1. e4 Nf6 2. Nc3 e5 3. g3 Bc5 4. Bg2 Nc6 5. d3 d6 6. Na4 Be6 7. Ne2 a6 8. Nxc5
dxc5 9. Be3 Qd6 10. O-O h5 11. f3 h4 12. Qd2 O-O-O 13. Rad1 Nd7 14. a3 f6 15.
Nc1 g5 16. c3 a5 17. b3 Nf8 18. Qb2 Ng6 19. Ne2 hxg3 20. hxg3 Nf4 21. Bxf4 gxf4
22. g4 Qe7 23. Rf2 Rd7 24. Nc1 Qd8 25. Rdd2 Qg8 26. Kf1 Qg5 27. Ke1 Rh2 28. Kd1
Qh4 29. Kc2 b5 30. Kb1 b4 31. axb4 axb4 32. Qa1 Rd6 33. cxb4 cxb4 34. Qa4 Nd4
35. Ra2 Rc6 36. Qxb4 Kd7 37. Qf8 Rxc1+ 38. Kxc1 Rxg2 39. Rxg2 Qh1+ 40. Kb2
Qxg2+ 0-1

[Event "DEN-ch"]
[Site "Aarhus"]
[Date "1981.??.??"]
[Round "10"]
[White "Kristensen, Leif Sogaard"]
[Black "Knudsen, Per"]
[Result "1-0"]
[WhiteElo "2235"]
[BlackElo "2355"]
[PlyCount "66"]
[EventDate "1981.??.??"]
[EventType "tourn"]
[EventRounds "11"]
[EventCountry "DEN"]
[EventCategory "3"]
[Source "ChessBase"]
[SourceDate "1999.07.01"]

1. e4 e6 2. d4 d5 3. Nc3 Nf6 4. Bd3 c5 5. exd5 cxd4 6. Nb5 Nxd5 7. Nxd4 Bd7 8.
Ngf3 Nc6 9. O-O Be7 10. c3 O-O 11. Qe2 a6 12. Nxc6 Bxc6 13. Nd4 Qc7 14. Qe4 Nf6
15. Qh4 Rad8 16. Re1 Rd5 17. Bf4 Qa5 18. Nxc6 bxc6 19. Bxh7+ Nxh7 20. Qxe7 Nf6
21. Qb4 Qxb4 22. cxb4 Rc8 23. Be3 Rb5 24. a3 a5 25. bxa5 Rxb2 26. a6 Rb5 27.
Reb1 Nd5 28. Rxb5 cxb5 29. Bd4 e5 30. Bxe5 Ra8 31. Rb1 Rxa6 32. Rxb5 Nb6 33.
Rb4 Nd7 1-0

[Event "DEN-ch"]
[Site "Aarhus"]
[Date "1981.??.??"]
[Round "4"]
[White "Kristensen, Leif Sogaard"]
[Black "Jacobsen, Bo"]
[Result "1-0"]
[WhiteElo "2235"]
[BlackElo "2335"]
[PlyCount "75"]
[EventDate "1981.??.??"]
[EventType "tourn"]
[EventRounds "11"]
[EventCountry "DEN"]
[EventCategory "3"]
[Source "ChessBase"]
[SourceDate "1999.07.01"]

1. e4 e5 2. Nc3 Nf6 3. g3 Nc6 4. Bg2 Bc5 5. d3 d6 6. Na4 Bg4 7. f3 Bxg1 8. fxg4
Bc5 9. Nxc5 dxc5 10. g5 Nd7 11. O-O Qe7 12. Be3 Rd8 13. Qh5 Nf8 14. Rf2 Ne6 15.
Bh3 b6 16. Raf1 O-O 17. Bf5 g6 18. Qh6 Ng7 19. Bg4 c4 20. h4 cxd3 21. h5 Rd6
22. Rh2 Nf5 23. exf5 gxf5 24. g6 fxg6 25. Bd1 dxc2 26. Bxc2 Nd4 27. Bxd4 exd4
28. Bb3+ Kh8 29. Re2 Qd8 30. Rfe1 g5 31. Re6 f4 32. Rxd6 cxd6 33. Bc2 Rf7 34.
Qe6 Qf8 35. g4 f3 36. Kf2 Rc7 37. Bd3 Qf4 38. Qe8+ 1-0

[Event "DEN-ch"]
[Site "Aarhus"]
[Date "1981.??.??"]
[Round "2"]
[White "Kristensen, Leif Sogaard"]
[Black "Fries Nielsen, Niels Jorgen"]
[Result "0-1"]
[WhiteElo "2235"]
[BlackElo "2325"]
[PlyCount "74"]
[EventDate "1981.??.??"]
[EventType "tourn"]
[EventRounds "11"]
[EventCountry "DEN"]
[EventCategory "3"]
[Source "ChessBase"]
[SourceDate "1999.07.01"]

1. e4 d5 2. Nc3 dxe4 3. Nxe4 Nc6 4. Bc4 Nh6 5. d3 Nf5 6. Ne2 g6 7. Bd2 Bg7 8.
Bc3 e5 9. O-O O-O 10. Bd2 h6 11. N4g3 Nd6 12. Bb3 Kh7 13. f4 exf4 14. Bxf4 Bxb2
15. Rb1 Bg7 16. Bxd6 Qxd6 17. Bxf7 Ne5 18. Ne4 Qe7 19. Bb3 Bg4 20. Qd2 Qh4 21.
Nf4 Bf5 22. Ne6 Bxe6 23. Bxe6 b6 24. Rbe1 Rae8 25. Bh3 c5 26. Qe2 Nc6 27. Qg4
Qxg4 28. Bxg4 Nb4 29. Rxf8 Rxf8 30. h4 Nxc2 31. Re2 Nb4 32. Rd2 Rf4 33. Bf3
Bd4+ 34. Kh2 Rxh4+ 35. Kg3 Rh1 36. a3 Nc6 37. Nxc5 Ne7 0-1

[Event "DEN-ch"]
[Site "Aarhus"]
[Date "1981.??.??"]
[Round "10"]
[White "Mortensen, Erling"]
[Black "Sahl, Bjarke"]
[Result "1/2-1/2"]
[WhiteElo "2375"]
[BlackElo "2345"]
[PlyCount "77"]
[EventDate "1981.??.??"]
[EventType "tourn"]
[EventRounds "11"]
[EventCountry "DEN"]
[EventCategory "3"]
[Source "ChessBase"]
[SourceDate "1999.07.01"]

1. e4 c6 2. d4 d5 3. exd5 cxd5 4. c4 Nf6 5. Nc3 g6 6. Qb3 Bg7 7. cxd5 O-O 8.
Be2 Nbd7 9. Bf3 Ne8 10. Nge2 Nd6 11. O-O b6 12. Bf4 Bb7 13. Rfd1 Nf6 14. Be5
Nf5 15. g3 e6 16. Nf4 g5 17. Bxf6 Bxf6 18. Nfe2 Ne7 19. Rd2 exd5 20. Nd1 Qd7
21. Ne3 Bg7 22. Bg2 Kh8 23. Rf1 Rad8 24. Qd3 f5 25. f4 g4 26. h3 h5 27. hxg4
hxg4 28. Kf2 Kg8 29. Rh1 Kf7 30. Rdd1 Rh8 31. Nc3 Qe6 32. Rde1 Rxh1 33. Rxh1
Rh8 34. Rxh8 Bxh8 35. b4 a6 36. a4 Bf6 37. Ne2 Qc8 38. Qb3 Ke6 39. b5 1/2-1/2

[Event "DEN-ch"]
[Site "Aarhus"]
[Date "1981.??.??"]
[Round "9"]
[White "Mortensen, Erling"]
[Black "Kristensen, Leif Sogaard"]
[Result "1-0"]
[WhiteElo "2375"]
[BlackElo "2235"]
[PlyCount "85"]
[EventDate "1981.??.??"]
[EventType "tourn"]
[EventRounds "11"]
[EventCountry "DEN"]
[EventCategory "3"]
[Source "ChessBase"]
[SourceDate "1999.07.01"]

1. e4 d5 2. exd5 Qxd5 3. Nc3 Qa5 4. Bc4 Nf6 5. d3 Nc6 6. Bd2 Qf5 7. Nb5 Qd7 8.
Nf3 a6 9. Nc3 e6 10. Ne4 b5 11. Bb3 Bb7 12. O-O Be7 13. Re1 Rd8 14. Qe2 O-O 15.
Neg5 Nd5 16. Qe4 Nf6 17. Qh4 Nd4 18. Nxd4 Qxd4 19. Qxd4 Rxd4 20. Nxe6 fxe6 21.
Rxe6 Kf7 22. Rae1 Bd8 23. Rxa6+ Kg6 24. Ra7 Bc6 25. h3 Re8 26. Re3 Rxe3 27.
fxe3 Rd7 28. Ba5 Kh5 29. e4 g6 30. Bc3 Ne8 31. Ra6 Bb7 32. Re6 Re7 33. Kf2 Nd6
34. g4+ Kh6 35. g5+ Kh5 36. Bf6 Rd7 37. Kg3 Bxf6 38. gxf6 Kh6 39. h4 Bc8 40.
Kf4 Nf7 41. Re8 Bb7 42. e5 Bc6 43. e6 1-0

[Event "DEN-ch"]
[Site "Aarhus"]
[Date "1981.??.??"]
[Round "3"]
[White "Mortensen, Erling"]
[Black "Nielsen, Poul Erik"]
[Result "1/2-1/2"]
[WhiteElo "2375"]
[BlackElo "2320"]
[PlyCount "98"]
[EventDate "1981.??.??"]
[EventType "tourn"]
[EventRounds "11"]
[EventCountry "DEN"]
[EventCategory "3"]
[Source "ChessBase"]
[SourceDate "1999.07.01"]

1. e4 c5 2. Nf3 d6 3. d4 cxd4 4. Nxd4 Nf6 5. Nc3 a6 6. Be2 e5 7. Nb3 Be7 8. O-O
O-O 9. a4 Nc6 10. f4 Nb4 11. Kh1 Bd7 12. Bf3 Rc8 13. Qe2 Qc7 14. Rd1 Qc4 15.
Qf2 Ng4 16. Qg3 h5 17. Be2 Qc7 18. f5 Qd8 19. Bxg4 Bh4 20. Qh3 hxg4 21. Qxg4
Nxc2 22. Rb1 Nb4 23. Rxd6 Bxf5 24. Qd1 Be6 25. Rxd8 Rfxd8 26. Nd2 Nd3 27. Qh5
Bf6 28. Nd5 Rxd5 29. exd5 Bg4 30. Qxg4 Nf2+ 31. Kg1 Nxg4 32. Ne4 Bd8 33. h3
Bb6+ 34. Kf1 Nf6 35. Nxf6+ gxf6 36. Ke2 Rd8 37. Bd2 Rxd5 38. Rf1 Kg7 39. g4 Rd6
40. Rc1 Kg6 41. a5 Bd4 42. Rc7 b6 43. b4 Bg1 44. Be1 Kg7 45. Kf3 bxa5 46. bxa5
Kg6 47. Ke2 Bh2 48. Bb4 Rd4 49. Bc3 Rd6 1/2-1/2

[Event "DEN-ch"]
[Site "Aarhus"]
[Date "1981.??.??"]
[Round "5"]
[White "Mortensen, Erling"]
[Black "Fries Nielsen, Jens Ove"]
[Result "1-0"]
[WhiteElo "2375"]
[BlackElo "2320"]
[PlyCount "101"]
[EventDate "1981.??.??"]
[EventType "tourn"]
[EventRounds "11"]
[EventCountry "DEN"]
[EventCategory "3"]
[Source "ChessBase"]
[SourceDate "1999.07.01"]

1. e4 d6 2. d4 Nf6 3. Nc3 g6 4. Bg5 c6 5. Qd2 b5 6. Bd3 Nbd7 7. f4 b4 8. Nce2
Qb6 9. Nf3 Bg7 10. O-O O-O 11. e5 Nd5 12. exd6 exd6 13. f5 Ba6 14. Bxa6 Qxa6
15. a3 Rfe8 16. Ng3 Qb5 17. axb4 Qxb4 18. c3 Qb5 19. Rf2 N7f6 20. h3 Qb7 21.
Bh6 Bxh6 22. Qxh6 Qe7 23. c4 Nb6 24. Ng5 Qe3 25. Raf1 Nbd7 26. Kh2 Qxd4 27. Rf4
Qxb2 28. Rh4 Nf8 29. Nxh7 N8xh7 30. fxg6 fxg6 31. Qxg6+ Kh8 32. Rxf6 Re7 33.
Rxd6 Rg8 34. Qd3 Qe5 35. Rdh6 Rgg7 36. Re4 Qc7 37. Reh4 Kg8 38. Rg6 Kh8 39. Qd4
Kg8 40. Rhg4 Nf8 41. Rxg7+ Rxg7 42. Rxg7+ Qxg7 43. Nf5 Qxd4 44. Nxd4 c5 45. Nb3
Nd7 46. Kg3 Kf7 47. Kf4 Ke6 48. h4 Nb6 49. Na5 Kf6 50. g4 Nd7 51. h5 1-0

[Event "DEN-ch"]
[Site "Aarhus"]
[Date "1981.??.??"]
[Round "7"]
[White "Mortensen, Erling"]
[Black "Reinert, Mads"]
[Result "1/2-1/2"]
[WhiteElo "2375"]
[BlackElo "2200"]
[PlyCount "81"]
[EventDate "1981.??.??"]
[EventType "tourn"]
[EventRounds "11"]
[EventCountry "DEN"]
[EventCategory "3"]
[Source "ChessBase"]
[SourceDate "1999.07.01"]

1. c4 e5 2. Nc3 Nc6 3. Nf3 f5 4. e3 Nf6 5. d4 e4 6. Nd2 Bb4 7. Qb3 d6 8. d5
Bxc3 9. Qxc3 Ne5 10. b3 Nfg4 11. h3 Qh4 12. g3 Qh6 13. Bb2 O-O 14. Be2 Bd7 15.
Kf1 Rf7 16. Kg2 Nf6 17. Rag1 Raf8 18. Kf1 c6 19. dxc6 Bxc6 20. Ba3 Nfd7 21. Qd4
Rf6 22. Nb1 Nf3 23. Bxf3 exf3 24. Nc3 Re6 25. Ke1 Rfe8 26. Kd1 Nc5 27. Kc1 Ne4
28. Nxe4 Bxe4 29. Kb2 a6 30. Rd1 Rd8 31. Ka1 Qg6 32. Bb2 Ree8 33. h4 h5 34. Rd2
Rd7 35. Rhd1 Red8 36. Qb6 Qe6 37. c5 Bc6 38. Rxd6 Rxd6 39. cxd6 Rxd6 40. Rd4
Qd7 41. Rxd6 1/2-1/2

[Event "DEN-ch"]
[Site "Aarhus"]
[Date "1981.??.??"]
[Round "1"]
[White "Mortensen, Erling"]
[Black "Jacobsen, Bo"]
[Result "1/2-1/2"]
[WhiteElo "2375"]
[BlackElo "2335"]
[PlyCount "69"]
[EventDate "1981.??.??"]
[EventType "tourn"]
[EventRounds "11"]
[EventCountry "DEN"]
[EventCategory "3"]
[Source "ChessBase"]
[SourceDate "1999.07.01"]

1. e4 e5 2. Nf3 Nc6 3. Bb5 Nf6 4. O-O Nxe4 5. d4 Be7 6. Qe2 Nd6 7. Bxc6 bxc6 8.
dxe5 Nb7 9. c4 O-O 10. Nc3 Nc5 11. b3 a5 12. Ba3 Ne6 13. Bxe7 Qxe7 14. Rad1 Bb7
15. Qe3 f5 16. Qd2 Rf7 17. Rfe1 f4 18. Nd4 c5 19. Nxe6 dxe6 20. f3 Bc6 21. Qf2
Rf5 22. Rd3 Rd8 23. Qd2 Rxd3 24. Qxd3 Rh5 25. h3 Qh4 26. Re2 h6 27. Qg6 Bxf3
28. Qxe6+ Kh7 29. gxf3 Rg5+ 30. Kf1 Qg3 31. Rf2 Qg1+ 32. Ke2 Qc1 33. h4 Qe3+
34. Kf1 Rxe5 35. Qf7 1/2-1/2

[Event "DEN-ch"]
[Site "Aarhus"]
[Date "1981.??.??"]
[Round "9"]
[White "Nielsen, Poul Erik"]
[Black "Knudsen, Per"]
[Result "1-0"]
[WhiteElo "2320"]
[BlackElo "2355"]
[PlyCount "81"]
[EventDate "1981.??.??"]
[EventType "tourn"]
[EventRounds "11"]
[EventCountry "DEN"]
[EventCategory "3"]
[Source "ChessBase"]
[SourceDate "1999.07.01"]

1. d4 d5 2. c4 c6 3. Nf3 Nf6 4. Nc3 dxc4 5. e4 b5 6. e5 Nd5 7. Ng5 Nxc3 8. bxc3
f6 9. Nf3 g6 10. a4 Nd7 11. exf6 exf6 12. axb5 cxb5 13. d5 Nb6 14. Nd4 Qxd5 15.
Be2 Bb7 16. Bf3 Qe5+ 17. Be3 Nd5 18. O-O Bd6 19. g3 Nxe3 20. fxe3 Qxe3+ 21. Kg2
Bxf3+ 22. Nxf3 Qc5 23. Ra6 Be7 24. Re1 O-O 25. Qd7 Rf7 26. Qb7 Raf8 27. Rc6 Qd5
28. Rb1 b4 29. cxb4 Bxb4 30. Qa6 Qd3 31. Rf1 Qd5 32. Rxc4 Ba5 33. Rd4 Qc5 34.
Qd3 Bb6 35. Rd5 Qb4 36. h4 Qg4 37. h5 Bc7 38. Nh2 Qe6 39. Qc4 gxh5 40. Rg5+
fxg5 41. Qxe6 1-0

[Event "DEN-ch"]
[Site "Aarhus"]
[Date "1981.??.??"]
[Round "2"]
[White "Nielsen, Poul Erik"]
[Black "Hvenekilde, Jorgen"]
[Result "1-0"]
[WhiteElo "2320"]
[BlackElo "2275"]
[PlyCount "53"]
[EventDate "1981.??.??"]
[EventType "tourn"]
[EventRounds "11"]
[EventCountry "DEN"]
[EventCategory "3"]
[Source "ChessBase"]
[SourceDate "1999.07.01"]

1. g3 d6 2. d4 g6 3. Bg2 Bg7 4. e4 Nc6 5. Ne2 Bg4 6. f3 Bd7 7. Be3 a5 8. d5 Na7
9. c3 c5 10. O-O h5 11. a4 Nh6 12. Qd2 Kf8 13. c4 Qc7 14. Nbc3 Kg8 15. h3 Rh7
16. Kh2 Kh8 17. Rae1 Ng8 18. Nc1 Re8 19. f4 f5 20. Nd3 h4 21. e5 dxe5 22. Nxe5
Bxe5 23. fxe5 Qxe5 24. Bxc5 hxg3+ 25. Kg1 Qg7 26. Bxa7 Nf6 27. Bd4 1-0

[Event "DEN-ch"]
[Site "Aarhus"]
[Date "1981.??.??"]
[Round "11"]
[White "Nielsen, Poul Erik"]
[Black "Hansen, Curt"]
[Result "1/2-1/2"]
[WhiteElo "2320"]
[BlackElo "2330"]
[PlyCount "94"]
[EventDate "1981.??.??"]
[EventType "tourn"]
[EventRounds "11"]
[EventCountry "DEN"]
[EventCategory "3"]
[Source "ChessBase"]
[SourceDate "1999.07.01"]

1. c4 Nf6 2. Nc3 c5 3. g3 e6 4. Bg2 d5 5. d3 Nc6 6. Bg5 Be7 7. cxd5 exd5 8. Qc1
Be6 9. Nh3 Bxh3 10. Bxh3 d4 11. Bxf6 Bxf6 12. Ne4 b6 13. O-O O-O 14. a3 Be7 15.
b4 f5 16. Nd2 Rc8 17. b5 Na5 18. Qc2 Qe8 19. a4 Qf7 20. Nc4 Nxc4 21. Qxc4 Qxc4
22. dxc4 Bg5 23. Ra2 g6 24. Bg2 Bd8 25. Rd1 Bc7 26. Bc6 Rcd8 27. Rd3 f4 28. Kg2
Rf6 29. Rad2 Kg7 30. e3 fxe3 31. fxe3 dxe3 32. Rxd8 exd2 33. Rd7+ Rf7 34. Rxd2
Be5 35. Rd8 Bd4 36. Kh3 Rf8 37. Rxf8 Kxf8 38. Kg4 Bg1 39. h3 Bf2 40. Kf3 Be1
41. Kf4 Ke7 42. g4 h5 43. Be4 hxg4 44. hxg4 Bd2+ 45. Ke5 g5 46. Bf5 Kd8 47. Kd6
Be1 1/2-1/2

[Event "DEN-ch"]
[Site "Aarhus"]
[Date "1981.??.??"]
[Round "6"]
[White "Nielsen, Poul Erik"]
[Black "Jacobsen, Bo"]
[Result "1/2-1/2"]
[WhiteElo "2320"]
[BlackElo "2335"]
[PlyCount "113"]
[EventDate "1981.??.??"]
[EventType "tourn"]
[EventRounds "11"]
[EventCountry "DEN"]
[EventCategory "3"]
[Source "ChessBase"]
[SourceDate "1999.07.01"]

1. g3 e5 2. Bg2 Nf6 3. d3 Nc6 4. Nf3 Be7 5. O-O O-O 6. c4 d5 7. cxd5 Nxd5 8.
Nc3 Be6 9. a3 Qd7 10. Ng5 Bxg5 11. Bxg5 Nxc3 12. bxc3 h6 13. Be3 Rad8 14. Rb1
b6 15. Qa4 Nd4 16. Qd1 Nf5 17. Bc1 Ne7 18. Qc2 Bh3 19. Qb3 Bxg2 20. Kxg2 c5 21.
f3 Rfe8 22. Qc4 Nc6 23. Be3 Re6 24. Qb5 Kh8 25. a4 Qe7 26. Ra1 Na5 27. Ra2 f5
28. c4 Rg6 29. Rg1 h5 30. Qb1 Rf8 31. Bd2 Nc6 32. a5 e4 33. Bf4 Re6 34. axb6
exf3+ 35. exf3 Re2+ 36. Kh1 axb6 37. Bd6 Qxd6 38. Rxe2 Nd4 39. Rf2 Qc6 40. Qf1
g5 41. Qg2 Qe6 42. Ra1 Re8 43. f4 g4 44. Qb7 Nf3 45. Rxf3 Re7 46. Qa8+ Re8 47.
Qb7 Re7 48. Qb8+ Re8 49. Qe5+ Qxe5 50. fxe5 gxf3 51. Kg1 Rxe5 52. Kf2 Re2+ 53.
Kxf3 Rxh2 54. Rb1 Rd2 55. Ke3 Rg2 56. Kf4 Rf2+ 57. Ke3 1/2-1/2

[Event "DEN-ch"]
[Site "Aarhus"]
[Date "1981.??.??"]
[Round "4"]
[White "Nielsen, Poul Erik"]
[Black "Sahl, Bjarke"]
[Result "0-1"]
[WhiteElo "2320"]
[BlackElo "2345"]
[PlyCount "62"]
[EventDate "1981.??.??"]
[EventType "tourn"]
[EventRounds "11"]
[EventCountry "DEN"]
[EventCategory "3"]
[Source "ChessBase"]
[SourceDate "1999.07.01"]

1. g3 d5 2. Bg2 Nf6 3. f4 g6 4. Nf3 Bg7 5. O-O O-O 6. c3 c5 7. d3 Nc6 8. Qa4
Bd7 9. Qc2 Qc7 10. e4 dxe4 11. dxe4 Rad8 12. Nh4 Bc8 13. Na3 b6 14. Nb5 Qb8 15.
a4 Bb7 16. Bd2 Na5 17. Rad1 Nc4 18. Bc1 a6 19. Na3 Nxa3 20. bxa3 e6 21. f5 exf5
22. exf5 Rxd1 23. Rxd1 Re8 24. Bf4 Qa8 25. fxg6 hxg6 26. Bf1 Qc8 27. Bc4 Qc6
28. Ng2 b5 29. axb5 axb5 30. Bf1 Ne4 31. Bd2 Nxg3 0-1

[Event "DEN-ch"]
[Site "Aarhus"]
[Date "1981.??.??"]
[Round "1"]
[White "Reinert, Mads"]
[Black "Nielsen, Poul Erik"]
[Result "1-0"]
[WhiteElo "2200"]
[BlackElo "2320"]
[PlyCount "61"]
[EventDate "1981.??.??"]
[EventType "tourn"]
[EventRounds "11"]
[EventCountry "DEN"]
[EventCategory "3"]
[Source "ChessBase"]
[SourceDate "1999.07.01"]

1. e4 c5 2. Nf3 d6 3. d4 cxd4 4. Nxd4 Nf6 5. Nc3 a6 6. Be3 e5 7. Nb3 Qc7 8. Qd2
Be6 9. O-O-O Nbd7 10. f3 Rc8 11. g4 d5 12. exd5 Nxd5 13. Nxd5 Bxd5 14. Be2 Be7
15. Kb1 Be6 16. f4 O-O 17. f5 Bxb3 18. axb3 Rfd8 19. Bf3 Nf6 20. Qg2 e4 21.
Bxe4 Qe5 22. Bxb7 Qxe3 23. Bxc8 Rxc8 24. Rhe1 Qa7 25. g5 Ne8 26. Qe4 Bf8 27.
Qxe8 Rxe8 28. Rxe8 f6 29. Rdd8 g6 30. gxf6 Kf7 31. Rxf8# 1-0

[Event "DEN-ch"]
[Site "Aarhus"]
[Date "1981.??.??"]
[Round "6"]
[White "Reinert, Mads"]
[Black "Hvenekilde, Jorgen"]
[Result "0-1"]
[WhiteElo "2200"]
[BlackElo "2275"]
[PlyCount "62"]
[EventDate "1981.??.??"]
[EventType "tourn"]
[EventRounds "11"]
[EventCountry "DEN"]
[EventCategory "3"]
[Source "ChessBase"]
[SourceDate "1999.07.01"]

1. e4 e6 2. d4 d5 3. Nc3 Nf6 4. Bg5 Be7 5. e5 Nfd7 6. Bxe7 Qxe7 7. Nb5 Nb6 8.
c3 a6 9. Na3 O-O 10. Bd3 c5 11. Nf3 cxd4 12. cxd4 Nc6 13. Rc1 Bd7 14. h4 f5 15.
exf6 Rxf6 16. Kf1 Raf8 17. Nc2 Kh8 18. Ne3 e5 19. Rxc6 Bxc6 20. dxe5 Rf4 21.
Qb1 Nc4 22. Bxc4 dxc4 23. Ng5 Rxf2+ 24. Kg1 g6 25. Qe1 Qxe5 26. Qxf2 Rxf2 27.
Kxf2 Qxb2+ 28. Kg3 Qe2 29. Kf4 h6 30. Ne4 Qd3 31. Nf2 Qd4+ 0-1